|
|
|
|
| LEADER |
00000nam a2200000 a 4500 |
| 001 |
vtls001253217 |
| 003 |
SK-MaSNL |
| 005 |
20260301112836.0 |
| 008 |
250414s1992 CS 0 cze |
| 035 |
|
|
|a SNK000204036
|
| 040 |
|
|
|a SNK
|b slo
|c SNK
|e AACR2
|
| 041 |
0 |
|
|a cze
|
| 044 |
|
|
|a [CS]
|
| 080 |
|
|
|a 784.67:785.1
|2 1981
|
| 080 |
|
|
|a 785.1
|2 1981
|
| 110 |
2 |
|
|a Koťata (pěvecký sbor)
|4 aut
|9 114439
|
| 245 |
0 |
0 |
|a Malým zpěváčkům
|h Audiozáznam
|b Zima
|c Spieva dětský pěvecký sbor Koťata ; Na klavíri hrá Eva Navrátilová ; Zborm. Eva Koupilová
|
| 260 |
|
|
|a Lovosice
|b BaB
|c 1992
|
| 300 |
|
|
|a 2 s.
|
| 500 |
|
|
|a 1.Zimní. 2.Písnička o vrabci. 3.Bude zima, bude mráz. 4.Zima. 5.Veselá sanice. 6.Stojí vrba košatá. 7.Sněží snížek, sněží. 8.Na vánoce. 9.Štědrej večer nastal. 10.Ztracená basa. 11.Koleda. 12.Koleda. 13.Povídám, povídám pohádku. 14.Maková zrníčka. 15.Voženil se brabeneček. 16.Vdávala se myška. 17.Pohádka. 18.Kohoutek a slepička. 19.Šípková Růženka. 20.Kdepak si bejvával. ...
|
| 700 |
1 |
|
|a Navrátilová, Eva
|4 uci
|9 284952
|
| 700 |
1 |
|
|a Koupilová, Eva
|4 uci
|9 63221
|
| 852 |
|
|
|a Slovenská národná knižnica
|
| 954 |
|
|
|a hudba populárna
|a piesne pre deti
|
| 999 |
|
|
|c 711835
|d 713765
|
| 952 |
|
|
|t P60, <03>, [BOOK], {603}
|a SNK
|b SNK
|y PREZ
|7 0
|p 17A0201679
|o snkK 1126
|i snkJK 346/92
|0 0
|1 0
|4 0
|d 2000-09-25
|l 0
|r 2005-01-01 00:00:00
|w 2026-02-23
|